Viu el Parc : abril-juliol / abril-juliol /
Descripción Física:
Il·lustracions ; 30 cm
Colección:
Viu el Parc!
MARC
| LEADER | 00000nam a2200000Ia 4500 | ||
|---|---|---|---|
| 001 | 15116, 15117, 16738, 20492, 21473, 23182, 23443, 23988, 24991, 26121, 26374 | ||
| 008 | 160829s2001 - xx 000 0 cat d | ||
| 017 | |a DL B 8766-2016 | ||
| 017 | |a DL B 8944-2015 | ||
| 017 | |a DL B 13085-2019 | ||
| 080 | |a FU-34-9, FU-34-10, FU-27-13, FU-12-58, FU-40-39, FU-59-39, FU-61-31, FU-67-89 | ||
| 080 | |a FU-68-70 | ||
| 080 | |a FU-62-129 | ||
| 080 | |a FU-71-46 | ||
| 080 | |a FU-72-49 | ||
| 110 | 1 | |9 10145 |a Parc Natural de Sant Llorenç del Munt i l'Obac (Catalunya) | |
| 245 | |a Viu el Parc : |b abril-juliol / |c Parc Natural de Sant Llorenç del Munt i l'Obac | ||
| 260 | |a [Barcelona] : |b Diputació Barcelona , Xarxa de Municipis, Àrea d'Espais Naturals, |c 2001- | ||
| 300 | |b Il·lustracions ; |c 30 cm | ||
| 310 | |a Anual | ||
| 362 | |a 2008 (17a ed.)- | ||
| 490 | 1 | |a Viu el Parc! | |
| 590 | |a A la coberta de l'edició de 2011: 1992-2011, 20 anys. | ||
| 590 | |a A la coberta de l'edició de 2012: 1972-2012, 40 anys de parc | ||
| 610 | 1 | 0 | |a Parc Natural de Sant Llorenç del Munt i l'Obac (Catalunya) |9 10145 |
| 610 | 2 | 0 | |a Parc Natural de Sant Llorenç del Munt i l'Obac (Catalunya) |x Activitats culturals |9 52894 |
| 710 | 1 | |9 7250 |a Barcelona (Catalunya : Província). |b Xarxa de Parcs Naturals | |
| 710 | 1 | |9 52730 |a Barcelona (Catalunya : Província). |b Gerència de Serveis d’Espais Naturals | |
| 830 | 0 | |9 55831 |a Viu el Parc! | |
| 866 | |a 2001-2002 | ||
| 866 | |a 2004, 2008 (17a ed.), 2009 (18a ed.) | ||
| 866 | |a 2011-2012 | ||
| 866 | |a 2015-2019 | ||
| 901 | |a Arxiu | ||
| 942 | |n 1 |2 udc |c ARXIU | ||
| 952 | |0 0 |1 0 |4 0 |6 FU2713_FU1258 |7 1 |9 54186 |a Arxiu |b Arxiu |d 2016-12-01 |o FU-27-13, FU-12-58 |p 16738 |r 2016-12-01 00:00:00 |w 2016-12-01 |y ARXIU | ||
| 952 | |0 0 |1 0 |4 0 |7 1 |9 56091 |a Arxiu |b Arxiu |d 2023-04-04 |h 23a edició (2014) |o FU-62-129 |p 23988 |r 2016-12-01 00:00:00 |w 2016-12-01 |y ARXIU | ||
| 952 | |0 0 |1 0 |4 0 |7 1 |9 61639 |a Arxiu |b Arxiu |d 2022-05-11 |h 25a edició (2016) |o FU-68-70 |p 25455 |r 2022-05-11 00:00:00 |w 2022-05-11 |y ARXIU | ||
| 952 | |0 0 |1 0 |4 0 |7 1 |9 62338 |a Arxiu |b Arxiu |d 2022-06-10 |h 26a edició (2017) |o FU-70-51 |p 25879 |r 2022-06-10 00:00:00 |w 2022-06-10 |y ARXIU | ||
| 952 | |0 0 |1 0 |4 0 |7 1 |9 62609 |a Arxiu |b Arxiu |d 2022-07-01 |h 28a edició (2019) |o FU-71-46 |p 26121 |r 2022-07-01 00:00:00 |w 2022-07-01 |y ARXIU | ||
| 952 | |0 0 |1 0 |4 0 |7 1 |9 63261 |a Arxiu |b Arxiu |d 2022-07-28 |h 24a edició (2015) |o FU-72-49 |p 26374 |r 2022-07-28 00:00:00 |w 2022-07-28 |y ARXIU | ||
| 952 | |0 0 |1 0 |4 0 |7 1 |9 65365 |a Arxiu |b Arxiu |d 2023-02-28 |h 21a edició (2012) |o FU-61-31 |p 23443 |r 2023-02-28 00:00:00 |w 2023-02-28 |y ARXIU | ||
| 952 | |0 0 |1 0 |4 0 |6 FU6790 |7 1 |9 65416 |a Arxiu |b Arxiu |d 2023-03-01 |h 27a edició (2018) |l 0 |o FU-67-90 |p 24991 |r 2023-03-01 00:00:00 |w 2023-03-01 |y ARXIU | ||
| 952 | |0 0 |1 0 |4 0 |6 FU5939 |7 1 |9 65428 |a Arxiu |b Arxiu |d 2023-03-01 |h 20a edició (2011) |l 0 |o FU-59-39 |p 23182 |r 2023-03-01 00:00:00 |w 2023-03-01 |y ARXIU | ||
| 952 | |0 0 |1 0 |4 0 |6 FU349 |7 1 |9 65496 |a Arxiu |b Arxiu |d 2023-03-07 |h 10a edició (2001) |l 0 |o FU-34-9 |p 15116 |r 2023-03-07 00:00:00 |w 2023-03-07 |y ARXIU | ||
| 952 | |0 0 |1 0 |4 0 |6 FU3410 |7 1 |9 65497 |a Arxiu |b Arxiu |d 2023-03-07 |h 11a edició (2002) |l 0 |o FU-34-10 |p 15117 |r 2023-03-07 00:00:00 |w 2023-03-07 |y ARXIU | ||
| 952 | |0 0 |1 0 |4 0 |6 FU4039 |7 1 |9 65976 |a Arxiu |b Arxiu |d 2023-04-04 |h 18a edició (2009) |l 0 |o FU-40-39 |p 21473 |r 2023-04-04 00:00:00 |w 2023-04-04 |y ARXIU | ||
| 999 | |c 58055 |d 58055 | ||